The UBS Art Collection/ (Record no. 2902)

MARC details
000 -LEADER
campo de control de longitud fija 00724nam a22002177a 4500
003 - IDENTIFICADOR DE NÚMERO DE CONTROL
campo de control OSt
005 - FECHA Y HORA DE LA ÚLTIMA TRANSACCIÓN
campo de control 20230126092906.0
008 - DATOS DE LONGITUD FIJA--INFORMACIÓN GENERAL
campo de control de longitud fija 160111b xxu||||| |||| 00| 0 eng d
040 ## - FUENTE DE CATALOGACIÓN
Centro/agencia transcriptor Lado V
082 ## - NÚMERO DE LA CLASIFICACIÓN DECIMAL DEWEY
Número de clasificación 741.9
Número de ítem B531u
100 ## - ENTRADA PRINCIPAL--NOMBRE DE PERSONA
Nombre de persona Bernstein, Joanne
9 (RLIN) 632
Término indicativo de función/relación curador
245 ## - MENCIÓN DEL TÍTULO
Título The UBS Art Collection/
260 ## - PUBLICACIÓN, DISTRIBUCIÓN, ETC.
Lugar de publicación, distribución, etc. Alemania
Nombre del editor, distribuidor, etc. USEB AG.
Fecha de publicación, distribución, etc. 2007
300 ## - DESCRIPCIÓN FÍSICA
Extensión 276p.
Otras características físicas il. (col.)
Dimensiones 25x31cm.
500 ## - NOTA GENERAL
Nota general Notas en español, inglés y alemán
600 ## - PUNTO DE ACCESO ADICIONAL DE MATERIA--NOMBRE DE PERSONA
Nombre de persona Emde, Thomas, 1959 --
Subdivisión general Exhibiciones
9 (RLIN) 4352
650 ## - PUNTO DE ACCESO ADICIONAL DE MATERIA--TÉRMINO DE MATERIA
Término de materia o nombre geográfico como elemento de entrada ANALISIS
Fuente del encabezamiento o término Tesauro de Arte & Arquitectura
650 ## - PUNTO DE ACCESO ADICIONAL DE MATERIA--TÉRMINO DE MATERIA
Término de materia o nombre geográfico como elemento de entrada DIBUJO
Fuente del encabezamiento o término Tesauro de Arte & Arquitectura
650 ## - PUNTO DE ACCESO ADICIONAL DE MATERIA--TÉRMINO DE MATERIA
Término de materia o nombre geográfico como elemento de entrada COLECCION
Fuente del encabezamiento o término Tesauro de Arte & Arquitectura
942 ## - ELEMENTOS DE ENTRADA SECUNDARIOS (KOHA)
Fuente del sistema de clasificación o colocación Clasificación Decimal Dewey
Tipo de ítem Koha Libros
Suprimir en OPAC No
Parte de la signatura que corresponde a la clasificación (Parte de la clasificación) 741.9
Parte de la signatura que identifica el ejemplar (Parte del ítem) B531u
Holdings
Estatus retirado Estado de pérdida Fuente del sistema de clasificación o colocación Estado de daño No para préstamo Biblioteca de origen Biblioteca actual Fecha de adquisición Número de inventario Total de préstamos Signatura topográfica completa Código de barras Visto por última vez Precio de reemplazo Tipo de ítem Koha
    Clasificación Decimal Dewey     Biblioteca LadoV Biblioteca LadoV 26/01/2023 005077   741.9 B531u 005077 26/01/2023 26/01/2023 Libros